| 000 | 01818cam a22005174i 4500 | ||
|---|---|---|---|
| 003 | PE-LiUPU | ||
| 005 | 20250731165642.0 | ||
| 008 | 150616s r 000 0 d | ||
| 020 | _a0802496954 | ||
| 035 | _a(Sirsi) i9780802496959 | ||
| 040 |
_aPE-LiUPU _bspa _cPE-LiUPU _erda |
||
| 049 | _aPRUA | ||
| 082 | 0 | 4 |
_a220.7 _bP51 _221 |
| 100 | 1 |
_aPfeiffer, Charles F., _eautor. |
|
| 245 | 1 | 4 |
_aThe Wycliffe Bible Commentary / _cCharles F Pfeiffer. |
| 264 | 1 |
_aChicago : _bMoody Press, _c1990. |
|
| 300 |
_a1525 páginas ; _c24 centímetros |
||
| 336 |
_atext _2rdacontent |
||
| 337 |
_aunmediated _2rdamedia |
||
| 338 |
_avolume _2rdacarrier |
||
| 505 | 0 | _aComentarios de toda la biblia. | |
| 526 | _aSEG44 | ||
| 526 | _aSEG26 | ||
| 526 | _aP151 | ||
| 526 | _aP150 | ||
| 526 | _aP149 | ||
| 526 | _aP146 | ||
| 526 | _aP145 | ||
| 526 | _aP126 | ||
| 526 | _aP125 | ||
| 526 | _aP92 | ||
| 526 | _aP75 | ||
| 526 | _aP74 | ||
| 526 | _aP27 | ||
| 526 | _aP15 | ||
| 630 |
_aBiblia _xComentarios. _91696 |
||
| 650 | 0 | 4 | _a |
| 910 |
_ajck _bjvq _cjck |
||
| 942 |
_2ddc _cBOOK |
||
| 949 |
_aRC 220.7 P51 _wDEWEY _c1 _i40623 _lCCODEBUL1 _mBUL _r0 _sY _tBOOK _u2015-6-16 _xTEOLOGIA _zUNKNOWN _0COMPRA _o.CIRCNOTE. No olvidar cambiar la fecha de devolución!!!!!!! _o.STAFF. Colección General |
||
| 994 |
_aC0 _bPEPRU |
||
| 596 | _a1 | ||
| 999 |
_aRC 220.7 P51 _wDEWEY _c58410 _i40623 _d58410 _f2021-11-8 _g6 _lCCODEBUL1 _mBUL _q3 _r1 _sY _tBOOK _u2015-6-16 _xTEOLOGIA _zUNKNOWN _0COMPRA _o.CIRCNOTE. No olvidar cambiar la fecha de devolución!!!!!!! _o.STAFF. Colección General |
||
| 999 |
_aRC 220.7 P51 _wDEWEY _c2 _i75822 _d2019-9-10 _f2021-11-8 _g4 _lCCODEBUL1 _mBUL _q8 _r1 _sY _tBOOK _u2017-5-8 _xTEOLOGIA _PP35 _0COMPRA _o.STAFF. Colección Teología |
||
| 980 |
_81 _gALBERTO SANCHEZ Responsable de Automatización |
||